| 000 | 00830nam a22002417a 4500 | ||
|---|---|---|---|
| 003 | UA-OsUOA | ||
| 001 | 53983 | ||
| 007 | ta | ||
| 008 | 20151214b un ||||| |||| 00| 0 ukr d | ||
| 100 | _aКниш З. | ||
| 090 |
_a929 _bК53 |
||
| 942 | _cBK | ||
| 040 |
_aUA-OsUOA _bukr _cUA-OsUOA _dUA-OsUOA |
||
| 245 |
_aТри ровесниці _bДо сторіччя народин Уляни Кравченко, Марії Башкірцев, Марії Заньковецької (1860-1960) |
||
| 300 | _a320 с. | ||
| 955 | _a4 | ||
| 041 | _aukr | ||
| 080 | _a929 | ||
| 260 |
_aВінніпег _bNational Publishers Ltd. |
||
| 650 | 7 |
_a9 Географія. Біографії. Історія _2UDC |
|
| 999 |
_c434102 _d434102 |
||